=LDR 00000nam 2200000 4500 =001 INLIS000000000011445 =005 20130612103016 =008 ***********************************Ind** =035 ##$$0010-061300000011445 =041 ##$$a Ind =082 ##$$a 324.6 =090 ##$$a 324.6, Kar p =100 ##$$a Karmi, M Rusli =245 ##$$a Pemilu demokrasi Kompotity, M.Rusli karim =260 ##$$a 1991 $b Yogyakarta =300 ##$$a XII 176 hlm., 21 cm =650 ##$$a Pemilu Demokrasi/Kompetitif =850 ##$$a NBPNMAT